The criminal courts of the roman republic and principate
Zapisane w:
| 1. autor: | |
|---|---|
| Format: | Książka |
| Język: | angielski |
| Wydane: |
Londres
Basil Blackwell
1972
|
| Hasła przedmiotowe: | |
| Etykiety: |
Dodaj etykietę
Nie ma etykietki, Dołącz pierwszą etykiete!
|
MARC
| LEADER | 00000nam a2200000 a 4500 | ||
|---|---|---|---|
| 001 | UCP9381 | ||
| 003 | CL-VaPUC | ||
| 008 | 000324e19720000UK |||||||||||||||||eng|d | ||
| 082 | 0 | 4 | |a 340.54 |b JON |2 21 |
| 100 | |a Jones, A. H |e author |9 440491 | ||
| 245 | 1 | 4 | |a The criminal courts of the roman republic and principate |
| 300 | |a 143 p | ||
| 942 | |c BK | ||
| 945 | |d 20000324 00:00:00 |a rherrera | ||
| 260 | |a Londres |b Basil Blackwell |c 1972 | ||
| 650 | 0 | |a Derecho romano |9 255930 | |
| 650 | 7 | |a ROMA |2 CL-VaPUC |9 317375 | |
| 650 | 7 | |a CORTES |2 CL-VaPUC |9 384752 | |
| 650 | 7 | |a JUSTICIA CRIMINAL |2 CL-VaPUC |9 439912 | |
| 650 | 0 | |a Magistrados |9 328492 | |
| 583 | |a last modification |c 20000324 00:00:00 |k Rodrigo Vera | ||
| 999 | |c 286196 |d 286194 | ||
| 952 | |0 0 |1 0 |4 0 |6 340_540000000000000_JON_1972 |7 0 |8 A |9 331688 |a BIBHIS |b BIBHIS |d 2019-11-20 |i 1389149 |o 340.54 JON 1972 |p 1389149 |r 2025-01-20 |w 2019-11-20 |y BK |k HIS | ||